Biochemistry of inorganic compounds of sulphur (Record no. 23042)

MARC details
000 -LEADER
fixed length control field 00468nam a2200169Ia 4500
082 ## - DEWEY DECIMAL CLASSIFICATION NUMBER
Classification number 577.1:546.22
Item number ROY
100 ## - MAIN ENTRY--AUTHOR NAME
Personal name ROY, A B
245 #0 - TITLE STATEMENT
Title Biochemistry of inorganic compounds of sulphur
260 ## - PUBLICATION, DISTRIBUTION, ETC. (IMPRINT)
Place of publication Cambridge
Name of publisher Cambridge University
Year of publication 1970
650 ## - SUBJECT ADDED ENTRY--TOPICAL TERM
Topical Term Biochemistry
650 ## - SUBJECT ADDED ENTRY--TOPICAL TERM
Topical Term Sulpho transferases
650 ## - SUBJECT ADDED ENTRY--TOPICAL TERM
Topical Term Sulphur compound
650 ## - SUBJECT ADDED ENTRY--TOPICAL TERM
Topical Term Sulphur metabolism
700 ## - ADDED ENTRY--PERSONAL NAME
Personal name TRUDINGER, P A
942 ## - ADDED ENTRY ELEMENTS (KOHA)
Koha item type Books
Holdings
Withdrawn status Lost status Damaged status Not for loan Home library Current library Date acquired Full call number Accession Number Koha item type
        RRII Library RRII Library 16/12/2021 577.1:546.22 ROY 03750 Books